[Event "Titled Tuesday intern op 16th Apr Early"]
[Site "Chess.com INT"]
[Date "2024.04.16"]
[Round "11"]
[White "Aranda, Juan Manuel"]
[Black "Melikhov, Evgeny V"]
[Result "0-1"]
[WhiteElo "2102"]
[BlackElo "2172"]
[PlyCount "78"]
[EventDate "2024.04.16"]
[EventType "swiss (blitz)"]
[EventRounds "11"]
[EventCountry "USA"]
[SourceTitle "CB17_2024"]
[SourceDate "2024.04.24"]
[SourceVersion "1"]
[SourceVersionDate "2024.04.24"]
[SourceQuality "1"]

1. Nf3 f5 2. g3 Nf6 3. Bg2 d6 4. 0-0 e5 5. d3 Be7 6. e4 0-0 7. Nc3 Nc6 8. Ne2 h6 9. c3 Nh5 10. exf5 Bxf5 11. d4 Bg4 12. dxe5 dxe5 13. Qb3+ Kh8 14. c4 b6 15. Re1 e4 16. Nd2 Nd4 17. Nxd4 Qxd4 18. Nxe4 Rae8 19. Be3 Qe5 20. h3 Bf3 21. Bxf3 Rxf3 22. Bd4 Qf5 23. Qb5 Rf8 24. Qxf5 R3xf5 25. g4 Rf3 26. gxh5 Rxh3 27. Ng3 Bd6 28. Kg2 Rh4 29. Re4 Bxg3 30. Rxh4 Bxh4 31. b4 Bf6 32. Bxf6 Rxf6 33. Re1 Rf4 34. c5 Rxb4 35. cxb6 cxb6 36. Re2 Rh4 37. Re7 Ra4 38. Re2 Ra5 39. Kg3 Rxh5 0-1

[Event "Titled Tuesday intern op 16th Apr Late"]
[Site "Chess.com INT"]
[Date "2024.04.16"]
[Round "10"]
[White "Womacka, Mathias"]
[Black "Aranda, Juan Manuel"]
[Result "1-0"]
[WhiteElo "2359"]
[BlackElo "2102"]
[PlyCount "91"]
[EventDate "2024.04.16"]
[EventType "swiss (blitz)"]
[EventRounds "11"]
[EventCountry "USA"]
[SourceTitle "CB17_2024"]
[SourceDate "2024.04.24"]
[SourceVersion "1"]
[SourceVersionDate "2024.04.24"]
[SourceQuality "1"]

1. e4 d6 2. d4 Nf6 3. Nc3 g6 4. f4 Bg7 5. Nf3 0-0 6. Bd3 Nc6 7. 0-0 e5 8. dxe5 dxe5 9. f5 Nd4 10. Nxe5 Nxe4 11. Nxe4 Bxe5 12. fxg6 fxg6 13. Rxf8+ Qxf8 14. Be3 Bf5 15. c3 Ne6 16. Qb3 Kg7 17. Rf1 Rd8 18. Bc4 Qe7 19. Ng3 Nc5 20. Nxf5+ gxf5 21. Qc2 f4 22. Bxf4 Bxf4 23. Rxf4 Qe3+ 24. Qf2 Rd1+ 25. Bf1 Rxf1+ 26. Kxf1 Qc1+ 27. Ke2 Qxb2+ 28. Kf3 Qxf2+ 29. Kxf2 Nd3+ 30. Ke3 Nxf4 31. Kxf4 Kf6 32. g4 c5 33. g5+ Kg6 34. Kg4 h6 35. gxh6 Kxh6 36. Kf5 b5 37. Ke5 b4 38. cxb4 cxb4 39. Kd4 Kh5 40. Kc4 Kh4 41. Kxb4 Kh3 42. Kb5 Kxh2 43. Ka6 Kg3 44. Kxa7 Kf4 45. a4 Ke5 46. a5 1-0

[Event "Titled Tuesday intern op 12th Mar Late"]
[Site "Chess.com INT"]
[Date "2024.03.12"]
[Round "4"]
[White "Marino Bravo, Miguel Angel"]
[Black "Aranda, Juan Manuel"]
[Result "0-1"]
[WhiteElo "2134"]
[BlackElo "2102"]
[PlyCount "130"]
[EventDate "2024.03.12"]
[EventType "swiss (blitz)"]
[EventRounds "11"]
[EventCountry "USA"]
[SourceTitle "CB12_2024"]
[SourceDate "2023.10.01"]
[SourceVersion "1"]
[SourceVersionDate "2023.10.01"]
[SourceQuality "1"]

1. d4 d6 2. Bf4 Nd7 3. Nf3 g6 4. Nc3 Bg7 5. e4 e5 6. dxe5 dxe5 7. Be3 c6 8. Qd2 Ngf6 9. 0-0-0 Qa5 10. Bc4 b5 11. Bxf7+ Kxf7 12. Ng5+ Ke8 13. Qd6 Qd8 14. Ne6 Qe7 15. Nc7+ Kf7 16. Nxa8 Qxd6 17. Rxd6 Ke7 18. Rhd1 Bb7 19. Nc7 Rc8 20. N7xb5 cxb5 21. Nxb5 Bxe4 22. Nc3 Bxg2 23. Bg5 Rc7 24. f4 exf4 25. R6d2 Bf3 26. Re1+ Kf7 27. Bxf4 Rb7 28. Bd6 Bf8 29. Bxf8 Nxf8 30. b3 h6 31. Rd6 N8h7 32. Rf1 Bg2 33. Rf2 Rc7 34. Kb2 Bc6 35. a4 Ke7 36. Rd1 Ng5 37. Re1+ Kf7 38. Ref1 Ngh7 39. b4 Kg7 40. b5 Bb7 41. Kb3 Ne4 42. Nxe4 Bxe4 43. Kb4 Ng5 44. c4 Bd3 45. Rc1 Ne4 46. Rf3 Rd7 47. a5 g5 48. b6 axb6 49. axb6 g4 50. Rf4 h5 51. Re1 Nf6 52. c5 Nd5+ 53. Ka5 Nxf4 54. c6 Rd5+ 55. Kb4 Rb5+ 56. Kc3 Rxb6 57. Kd4 Rxc6 58. Ra1 Rf6 59. Ke3 Kg6 60. Ra5 Bc4 61. Rb5 Bf7 62. Ra5 Nd5+ 63. Ke4 h4 64. Rxd5 Bxd5+ 65. Kxd5 g3 0-1

[Event "Titled Tuesday intern op 12th Mar Late"]
[Site "Chess.com INT"]
[Date "2024.03.12"]
[Round "10"]
[White "Wu, Derek"]
[Black "Aranda, Juan Manuel"]
[Result "0-1"]
[WhiteElo "2295"]
[BlackElo "2102"]
[PlyCount "110"]
[EventDate "2024.03.12"]
[EventType "swiss (blitz)"]
[EventRounds "11"]
[EventCountry "USA"]
[SourceTitle "CB12_2024"]
[SourceDate "2023.10.01"]
[SourceVersion "1"]
[SourceVersionDate "2023.10.01"]
[SourceQuality "1"]

1. e4 d6 2. d4 g6 3. Nf3 Bg7 4. Bc4 Nf6 5. Qe2 Nc6 6. h3 e5 7. dxe5 Nxe5 8. Nxe5 dxe5 9. 0-0 0-0 10. Rd1 Qe7 11. b3 Be6 12. Ba3 c5 13. Bxe6 fxe6 14. Nd2 Nh5 15. Qe3 b6 16. Nf3 Nf4 17. Bb2 Bh6 18. Nxe5 Qh4 19. Ng4 Bg5 20. Rd7 Rf7 21. Rxf7 Kxf7 22. Qf3 Kg8 23. e5 Rf8 24. Nf6+ Kg7 25. Rd1 Rf7 26. Rd8 Kh6 27. Rg8 Bxf6 28. exf6 Rd7 29. Bc1 e5 30. Kh2 g5 31. Bxf4 exf4 32. Qc6 Qxf2 33. f7+ Kh5 34. Qf3+ Qxf3 35. gxf3 Rxf7 36. Re8 Rd7 37. Kg1 Rd2 38. Re7 h6 39. Rxa7 Rxc2 40. a4 Kh4 41. Rh7 Kg3 42. Kf1 Kxf3 43. Ke1 Kg3 44. Rxh6 f3 45. Rf6 f2+ 46. Kf1 Rc1+ 47. Ke2 Rc2+ 48. Kf1 Rc1+ 49. Ke2 f1Q+ 50. Rxf1 Rxf1 51. Kxf1 Kxh3 52. Kf2 g4 53. a5 bxa5 54. Ke3 g3 55. b4 axb4 0-1

[Event "Titled Tuesday intern op 13th Feb Early"]
[Site "Chess.com INT"]
[Date "2024.02.13"]
[Round "11"]
[White "Titarov, Vasilii"]
[Black "Aranda, Juan Manuel"]
[Result "1-0"]
[WhiteElo "2181"]
[BlackElo "2102"]
[PlyCount "93"]
[EventDate "2024.02.13"]
[EventType "swiss (blitz)"]
[EventRounds "11"]
[EventCountry "USA"]
[SourceTitle "CB08_2024"]
[SourceDate "2024.02.21"]
[SourceVersion "1"]
[SourceVersionDate "2024.02.21"]
[SourceQuality "1"]

1. Nf3 Nf6 2. g3 g6 3. Bg2 Bg7 4. 0-0 0-0 5. c4 c5 6. Nc3 Nc6 7. d3 d6 8. Rb1 Rb8 9. a3 a6 10. b4 cxb4 11. axb4 b5 12. cxb5 axb5 13. Be3 Ng4 14. Bd2 Bd7 15. Qb3 Be6 16. Qd1 h6 17. h3 Nge5 18. Nxe5 Nxe5 19. Nd5 Qd7 20. Kh2 Rfc8 21. Be3 h5 22. Nb6 Rxb6 23. Bxb6 h4 24. Rc1 Rb8 25. Be3 f5 26. Qd2 Nf7 27. Rc6 d5 28. Rfc1 d4 29. Bf4 Re8 30. Rc7 Qd8 31. Rb7 Bd5 32. Rb8 Qxb8 33. Bxb8 Bxg2 34. Kxg2 Rxb8 35. Qf4 e5 36. Qxh4 Re8 37. Rc7 g5 38. Qh5 Rf8 39. Qg6 f4 40. Qe6 fxg3 41. fxg3 Bh8 42. Rc8 Rxc8 43. Qxc8+ Kh7 44. Qf5+ Kg8 45. Qg6+ Kf8 46. Qc6 Bf6 47. Qxf6 1-0

[Event "Villa Ballester op 72nd"]
[Site "Villa Ballester"]
[Date "2023.01.24"]
[Round "6"]
[White "Liascovich, Lucas Agustin"]
[Black "Aranda, Juan Manuel"]
[Result "1-0"]
[WhiteElo "2415"]
[BlackElo "2118"]
[PlyCount "71"]
[EventDate "2023.01.18"]
[EventType "swiss"]
[EventRounds "9"]
[EventCountry "ARG"]
[SourceTitle "EXT 2024"]
[Source "ChessBase"]
[SourceDate "2023.10.10"]
[SourceVersion "1"]
[SourceVersionDate "2023.10.10"]
[SourceQuality "1"]

1. e4 c5 2. c3 d5 3. exd5 Qxd5 4. d4 Bf5 5. Nf3 Nc6 6. Be3 Nf6 7. Na3 Ng4 8. Bc4 Nxe3 9. fxe3 Qd8 10. Qb3 e6 11. Qxb7 Rc8 12. Bb5 Be4 13. 0-0-0 Qc7 14. Qxc7 Rxc7 15. d5 exd5 16. Ne5 d4 17. exd4 Be7 18. Rde1 f5 19. Rxe4 Bg5+ 20. Kd1 fxe4 21. Bxc6+ Ke7 22. d5 Bf4 23. Nac4 Bxe5 24. Nxe5 Rf8 25. Ke2 Rcc8 26. Nc4 Kd8 27. Nd6 Rb8 28. b3 Kc7 29. Nxe4 Kb6 30. Rd1 Rf4 31. Ke3 Rbf8 32. Ba4 h6 33. d6 g5 34. d7 Rd8 35. Rd6+ Kc7 36. Rxh6 1-0

[Event "ARG-ch 96th"]
[Site "Buenos Aires"]
[Date "2022.06.11"]
[Round "10"]
[White "Beroiz, Julian"]
[Black "Aranda, Juan Manuel"]
[Result "0-1"]
[WhiteElo "2086"]
[BlackElo "2162"]
[PlyCount "96"]
[EventDate "2022.06.02"]
[EventType "swiss"]
[EventRounds "11"]
[EventCountry "ARG"]
[SourceTitle "EXT 2023"]
[Source "ChessBase"]
[SourceDate "2022.10.05"]
[SourceVersion "1"]
[SourceVersionDate "2022.10.05"]
[SourceQuality "1"]

1. e4 d6 2. d4 Nf6 3. Nc3 g6 4. Nf3 Bg7 5. Be2 0-0 6. 0-0 Nc6 7. Re1 e5 8. dxe5 Nxe5 9. Nxe5 dxe5 10. Qxd8 Rxd8 11. Bg5 c6 12. Rad1 Be6 13. Rxd8+ Rxd8 14. Rd1 Rxd1+ 15. Bxd1 h6 16. Be3 b6 17. a4 Nd7 18. Kf1 Bf8 19. Be2 Bb4 20. Nb1 f6 21. b3 Kf7 22. Nd2 h5 23. Nc4 Ke7 24. Bd2 Bxd2 25. Nxd2 Kd6 26. Ke1 Kc5 27. c3 a5 28. Kd1 b5 29. Kc1 Nb6 30. axb5 cxb5 31. Kb2 Nc8 32. Bd3 Nd6 33. Bc2 Bd7 34. Bd3 Bc6 35. Bc2 b4 36. Bd3 h4 37. h3 f5 38. f3 Nb5 39. Nb1 fxe4 40. fxe4 bxc3+ 41. Nxc3 Nd6 42. Kc2 Kd4 43. Kd2 Nxe4+ 44. Bxe4 Bxe4 45. g3 g5 46. gxh4 gxh4 47. Nb5+ Kc5 48. Nc7 Bf5 0-1

[Event "ARG-ch 96th"]
[Site "Buenos Aires"]
[Date "2022.06.08"]
[Round "7"]
[White "Aranda, Juan Manuel"]
[Black "Spata, German"]
[Result "0-1"]
[WhiteElo "2162"]
[BlackElo "2329"]
[PlyCount "60"]
[EventDate "2022.06.02"]
[EventType "swiss"]
[EventRounds "11"]
[EventCountry "ARG"]
[SourceTitle "CBM 208 Extra"]
[Source "ChessBase"]
[SourceDate "2022.07.31"]
[SourceVersion "1"]
[SourceVersionDate "2022.07.31"]
[SourceQuality "1"]

1. Nf3 d5 2. g3 c6 3. Bg2 Bf5 4. 0-0 Nf6 5. d3 h6 6. c4 e6 7. cxd5 exd5 8. Nd4 Bg6 9. e4 dxe4 10. dxe4 Bc5 11. Be3 Bb6 12. Nc3 0-0 13. e5 Bh5 14. f3 Re8 15. g4 Rxe5 16. Bf2 Re7 17. Qa4 Bg6 18. Rad1 Nbd7 19. h3 Qe8 20. f4 Nc5 21. Qc4 Be4 22. Nxe4 Ncxe4 23. Bh4 Rd8 24. Bxf6 Nxf6 25. Kh2 Bxd4 26. Rxd4 Nd5 27. Bxd5 cxd5 28. Rxd5 Re2+ 29. Kh1 Rc8 30. Qd3 Rcc2 0-1